| 000 | 01395cam a2200373 i 4500 | ||
|---|---|---|---|
| 999 |
_c200441405 _d59617 |
||
| 003 | TR-AnTOB | ||
| 005 | 20231129143838.0 | ||
| 007 | ta | ||
| 008 | 850708s1984 be d i001 0 eng | ||
| 020 | _a9282401316. | ||
| 040 |
_aDLC _beng _erda _cDLC _dDLC _dTR-AnTOB |
||
| 041 | 0 |
_aeng _afre |
|
| 050 | 0 | 0 |
_aKJE926.5 _b.G56 1987 |
| 090 |
_aTOBBK KJE926.5 _b.G56 1987 |
||
| 245 | 0 | 0 |
_aEuropean Communities glossary = Glossaire des communautés européennes : _bFrench-English = français-anglais. |
| 250 | _a8th ed. | ||
| 264 | 1 |
_aLuxembourg : _bOffice des publications officielles des Communautés européennes, _c1984. |
|
| 300 |
_a1589 pages ; _c26 cm |
||
| 336 |
_atext _btxt _2rdacontent |
||
| 337 |
_aunmediated _bn _2rdamedia |
||
| 338 |
_avolume _bnc _2rdacarrier |
||
| 500 | _aAt head of title: Council of the European Communities, General Secretariat. | ||
| 500 | _aKept up to date by supplements. | ||
| 500 | _aIncludes index. | ||
| 650 | 0 |
_aEuropean communities _vDictionaries _xFrench. _986526 |
|
| 650 | 0 |
_aFrench language _vDictionaries _xEnglish. |
|
| 650 | 0 |
_aEuropean communities _vDictionaries _986526 |
|
| 650 | 0 |
_aEnglish language _vDictionaries _xFrench. |
|
| 710 | 2 |
_aCouncil of the European Communities _9130884 |
|
| 740 | 0 | _aGlossaire des communautés européennes. | |
| 942 |
_2z _cBK |
||